[Event "5. ODEM U25 2008"]
[Site "Willingen GER"]
[Date "2008.05.17"]
[Round "9"]
[White "Billing, Christian"]
[Black "Coenen, Michael"]
[Result "1/2-1/2"]
[Termination "normal"]
[Board "2"]
[WhiteElo "2155"]
[BlackElo "2174"]
[PlyCount "115"]
[WhiteFideId "4697294"]
[BlackFideId "4697367"]
[EventCountry "GER"]
[EventRounds "9"]
[EventType "swiss"]
[EventDate "2008.05.10"]

1. d4 Nf6 2. Nf3 g6 3. g3 b5 4. Bg2 Bb7 5. O-O Bg7 6. Nbd2 O-O 7. Re1 d6 8. e4
Nfd7 9. Qe2 c5 10. e5 Nb6 11. dxc5 dxc5 12. Qxb5 Qc7 13. Ne4 Na6 14. Bf4 Nd5
15. Bd2 Rab8 16. Qc4 Ndb4 17. a3 Nc6 18. e6 f5 19. Nc3 Rbd8 20. Bf4 Qb6 21. Na4
Qa5 22. Rad1 Nd4 23. Ne5 Bxg2 24. Kxg2 g5 25. Bxg5 Qc7 26. Qxa6 Rd6 27. Qf1
Bxe5 28. Rxe5 Qc6+ 29. f3 Qxa4 30. Bxe7 Qxc2+ 31. Qf2 Qxd1 32. Bxd6 Nc6 33. e7
Re8 34. Re6 Kf7 35. Rh6 Kg7 36. Re6 Kf7 37. Qe2 Qd5 38. Rh6 Nd4 39. Qe3 Nxf3
40. Qxf3 Qd2+ 41. Qf2 Qxh6 42. Qxf5+ Qf6 43. Qxf6+ Kxf6 44. Bxc5 a6 45. b4 Kf7
46. Kf3 Rg8 47. g4 Rg6 48. h4 Re6 49. a4 Re1 50. g5 a5 51. bxa5 Rc1 52. Bb6 Rc4
53. Bd8 Rxh4 54. g6+ hxg6 55. e8=Q+ Kxe8 56. Bxh4 Kd7 57. a6 Kc7 58. Kg4
1/2-1/2

[Event "5. ODEM U25 2008"]
[Site "Willingen GER"]
[Date "2008.05.17"]
[Round "9"]
[White "Sieker, Roland"]
[Black "Gölz, Daniel"]
[Result "0-1"]
[Termination "normal"]
[Board "3"]
[WhiteElo "2047"]
[BlackElo "2015"]
[PlyCount "50"]
[WhiteFideId "24600261"]
[BlackFideId "24626325"]
[EventCountry "GER"]
[EventRounds "9"]
[EventType "swiss"]
[EventDate "2008.05.10"]

1. e4 c5 2. Nf3 e6 3. c3 d5 4. exd5 exd5 5. d4 Nc6 6. Be2 Bd6 7. O-O Nge7 8.
Nbd2 O-O 9. dxc5 Bxc5 10. Nb3 Bb6 11. Nbd4 Nf5 12. Nxf5 Bxf5 13. Re1 d4 14.
cxd4 Nb4 15. Bg5 f6 16. Qb3+ Kh8 17. Rec1 Nc2 18. Rxc2 Bxc2 19. Qxc2 fxg5 20.
Rd1 Qf6 21. Bd3 Rac8 22. Qd2 Bxd4 23. Nxd4 Qxd4 24. Qxg5 Rxf2 25. Be2 Qb6 0-1

[Event "5. ODEM U25 2008"]
[Site "Willingen GER"]
[Date "2008.05.17"]
[Round "9"]
[White "Günnigmann, Manuel"]
[Black "Siebarth, Raiko"]
[Result "0-1"]
[Termination "normal"]
[Board "4"]
[WhiteElo "2043"]
[BlackElo "2284"]
[PlyCount "154"]
[WhiteFideId "24640360"]
[BlackFideId "4674766"]
[EventCountry "GER"]
[EventRounds "9"]
[EventType "swiss"]
[EventDate "2008.05.10"]

1. e4 c5 2. Nf3 d6 3. Bb5+ Bd7 4. Bxd7+ Qxd7 5. c4 Nf6 6. Nc3 Nc6 7. d4 cxd4 8.
Nxd4 g6 9. O-O Bg7 10. Nde2 O-O 11. f3 Rfc8 12. Be3 Ne8 13. Rc1 Nc7 14. b3 Rd8
15. Qd2 Ne6 16. Rfd1 Rab8 17. Nd5 b6 18. Qe1 h6 19. Qh4 Kh7 20. b4 Rbc8 21. b5
Ne5 22. Qxe7 Rxc4 23. Qxd7 Rxd7 24. f4 Rxc1 25. Rxc1 Ng4 26. Bd2 Nd4 27. Nec3
f5 28. exf5 Nxf5 29. Ne2 Nd4 30. Nec3 Rf7 31. h3 Nf6 32. Nxf6+ Rxf6 33. Kf2 Rf5
34. Rb1 Rc5 35. Ke3 d5 36. Kd3 Ne6 37. g3 Rc4 38. Ne2 Nc5+ 39. Ke3 Rc2 40. Bb4
Rxa2 41. Nd4 Bf8 42. Nc6 a5 43. bxa6 Rxa6 44. Kd4 Ra2 45. Kxd5 Rg2 46. g4 Rg3
47. Be1 Rxh3 48. Rxb6 Rd3+ 49. Kc4 Rf3 50. Bd2 Ne4 51. Rb7+ Kg8 52. Bb4 Rxf4
53. Rb8 Nf6+ 54. Kd3 Nxg4 55. Bxf8 Rxf8 56. Ne7+ Kg7 57. Rxf8 Ne5+ 58. Ke4 Kxf8
59. Nd5 Nd7 60. Kf4 Kf7 61. Ne3 Ke6 62. Kg4 Nf6+ 63. Kh4 g5+ 64. Kg3 h5 65. Ng2
Ke5 66. Kf3 Nd5 67. Kg3 Ke4 68. Kf2 h4 69. Kg1 Ne3 70. Ne1 g4 71. Kh2 Kd4 72.
Kg1 Kc3 73. Kf2 Kd2 74. Nf3+ gxf3 75. Kxf3 Kd3 76. Kf2 Ke4 77. Kg1 Kf4 0-1

[Event "5. ODEM U25 2008"]
[Site "Willingen GER"]
[Date "2008.05.17"]
[Round "9"]
[White "Pogan, Nicolas"]
[Black "Häussler, Daniel"]
[Result "1/2-1/2"]
[Termination "normal"]
[Board "5"]
[WhiteElo "2003"]
[BlackElo "1919"]
[PlyCount "134"]
[WhiteFideId "24673579"]
[BlackFideId "24631345"]
[EventCountry "GER"]
[EventRounds "9"]
[EventType "swiss"]
[EventDate "2008.05.10"]

1. e4 c5 2. Nf3 Nc6 3. c3 d5 4. exd5 Qxd5 5. d4 Nf6 6. Be2 cxd4 7. cxd4 e6 8.
Nc3 Qd6 9. Nb5 Qd8 10. O-O a6 11. Nc3 Bd6 12. Bg5 h6 13. Bh4 O-O 14. a3 b5 15.
b4 Bb7 16. Ne4 g5 17. Nxd6 Qxd6 18. Bg3 Qd5 19. Rc1 Ne4 20. Be5 Rfd8 21. Re1
Nxe5 22. dxe5 Qa2 23. Qc2 Qxa3 24. Ra1 Qxb4 25. Qc7 Bd5 26. h4 g4 27. Nh2 g3
28. Ng4 gxf2+ 29. Nxf2 Qc5 30. Qxc5 Nxc5 31. Bh5 Bc4 32. Ng4 Kg7 33. Re3 Rd3
34. Rf1 Ra7 35. Rff3 Rxe3 36. Nxe3 Bd3 37. Rg3+ Bg6 38. Bf3 Kf8 39. h5 Bf5 40.
Bg4 Ne4 41. Rf3 Ng5 42. Rf1 Bxg4 43. Nxg4 Kg7 44. Rd1 b4 45. Rd8 Nh7 46. Rb8 a5
47. Kf2 f6 48. Ke3 fxe5 49. Nxe5 Kf6 50. Rb5 Ra6 51. Ng4+ Ke7 52. Kd2 Ng5 53.
Nxh6 Ne4+ 54. Kd3 Nd6 55. Rb8 a4 56. Rxb4 a3 57. Rb1 a2 58. Ra1 Kf6 59. Ng8+
Kf7 60. Nh6+ Kg7 61. Ng4 Ra4 62. Nf2 Kf6 63. Kc3 Kg5 64. Kb3 Ra8 65. g4 e5 66.
Rxa2 Rxa2 67. Kxa2 e4 1/2-1/2

[Event "5. ODEM U25 2008"]
[Site "Willingen GER"]
[Date "2008.05.17"]
[Round "9"]
[White "Müller, Alexander"]
[Black "Jahncke, Giso"]
[Result "1/2-1/2"]
[Termination "normal"]
[Board "6"]
[WhiteElo "1807"]
[BlackElo "2031"]
[PlyCount "104"]
[WhiteFideId "4624696"]
[BlackFideId "24608289"]
[EventCountry "GER"]
[EventRounds "9"]
[EventType "swiss"]
[EventDate "2008.05.10"]

1. e4 c5 2. Nf3 Nc6 3. d4 cxd4 4. Nxd4 Nf6 5. Nc3 e5 6. Ndb5 d6 7. Bg5 a6 8.
Na3 b5 9. Nd5 Be7 10. Bxf6 Bxf6 11. c3 O-O 12. Be2 Bg5 13. O-O Ne7 14. c4 Nxd5
15. Qxd5 Be6 16. Qd3 b4 17. Nc2 a5 18. Rad1 Be7 19. Ne3 g6 20. Nd5 Bxd5 21.
Qxd5 Qb6 22. Kh1 Rac8 23. Qd3 Kh8 24. f4 exf4 25. Rxf4 Qc5 26. Qf3 Kg8 27. Rd5
Qb6 28. Qg3 Rc5 29. Qf2 Qc7 30. Qd4 Bg5 31. Rf3 Rxd5 32. Qxd5 Qe7 33. Rd3 Bf6
34. b3 Be5 35. g3 Qa7 36. Kg2 Rc8 37. Rf3 Rc5 38. Qd3 a4 39. Bd1 axb3 40. Bxb3
Qa8 41. Qc2 Kg7 42. Qd3 Qc6 43. Qc2 Bc3 44. Qd3 f6 45. a3 Re5 46. Bc2 Ra5 47.
axb4 Bxb4 48. Qd4 d5 49. exd5 Qd6 50. Qb2 Bc5 51. Qb7+ Kh6 52. Qb2 Kg7 1/2-1/2

[Event "5. ODEM U25 2008"]
[Site "Willingen GER"]
[Date "2008.05.17"]
[Round "9"]
[White "Högy, Kevin"]
[Black "Stahnecker, Wieland"]
[Result "1/2-1/2"]
[Termination "normal"]
[Board "7"]
[WhiteElo "2058"]
[BlackElo "1733"]
[PlyCount "51"]
[WhiteFideId "24647098"]
[BlackFideId "4694481"]
[EventCountry "GER"]
[EventRounds "9"]
[EventType "swiss"]
[EventDate "2008.05.10"]

1. e4 e6 2. d4 d5 3. e5 c5 4. c3 Nc6 5. Nf3 Bd7 6. a3 f6 7. b4 cxd4 8. cxd4
fxe5 9. dxe5 Qc7 10. Bb2 Nh6 11. Bd3 Nf7 12. O-O g6 13. Re1 Bg7 14. Qe2 Rc8 15.
Nc3 O-O 16. Nd1 Be8 17. h4 Bd7 18. Rc1 Qd8 19. g3 g5 20. Bb1 gxh4 21. Qd3 Ng5
22. Nxg5 Qxg5 23. Qxh7+ Kf7 24. Qxh4 Qxh4 25. gxh4 Rh8 26. Rc3 1/2-1/2

[Event "5. ODEM U25 2008"]
[Site "Willingen GER"]
[Date "2008.05.17"]
[Round "9"]
[White "Arps, Jan-Philipp"]
[Black "Schneider, Christian"]
[Result "1/2-1/2"]
[Termination "normal"]
[Board "8"]
[WhiteElo "2027"]
[BlackElo "2097"]
[PlyCount "45"]
[WhiteFideId "24645680"]
[BlackFideId "24613886"]
[EventCountry "GER"]
[EventRounds "9"]
[EventType "swiss"]
[EventDate "2008.05.10"]

1. e4 c6 2. d4 d5 3. exd5 cxd5 4. Bd3 Nc6 5. c3 Nf6 6. Bf4 a6 7. Nd2 Bg4 8.
Ngf3 e6 9. Qb3 Bxf3 10. Nxf3 Na5 11. Qa4+ b5 12. Qc2 Be7 13. a4 b4 14. O-O O-O
15. Bg5 b3 16. Qe2 Qc8 17. Ne5 Nc6 18. f4 h6 19. Bh4 Ne8 20. Be1 Nd6 21. Rf3
Na5 22. Rg3 f5 23. Rg6 1/2-1/2

[Event "5. ODEM U25 2008"]
[Site "Willingen GER"]
[Date "2008.05.17"]
[Round "9"]
[White "Geshnizjani, Ramin Tobias"]
[Black "Wenninger, Philipp"]
[Result "1/2-1/2"]
[Termination "normal"]
[Board "9"]
[WhiteElo "2039"]
[BlackElo "1868"]
[PlyCount "136"]
[WhiteFideId "24633089"]
[BlackFideId "4648404"]
[EventCountry "GER"]
[EventRounds "9"]
[EventType "swiss"]
[EventDate "2008.05.10"]

1. e4 Nf6 2. e5 Nd5 3. d4 d6 4. c4 Nb6 5. exd6 cxd6 6. Be3 g6 7. Nc3 Bg7 8. Be2
O-O 9. Rc1 Nc6 10. Nf3 d5 11. cxd5 Nxd5 12. O-O e5 13. Nxd5 exd4 14. Nxd4 Nxd4
15. Bxd4 Qxd5 16. Bxg7 Qxd1 17. Rfxd1 Kxg7 18. Bf3 Be6 19. a3 Rfd8 20. g3 Rxd1+
21. Rxd1 Rc8 22. Bxb7 Rb8 23. Bd5 Bxd5 24. Rxd5 Rxb2 25. Ra5 Rb7 26. h4 h5 27.
Ra6 Re7 28. Kg2 Rc7 29. Kf3 Re7 30. Kf4 Re2 31. f3 Re7 32. g4 hxg4 33. Kxg4 Rc7
34. f4 Kh7 35. h5 gxh5+ 36. Kxh5 Rc5+ 37. Kg4 Rc7 38. Kg5 Kg7 39. f5 Rb7 40.
Ra4 Rc7 41. Ra5 Rd7 42. a4 Rc7 43. Kf4 Re7 44. Ra6 Rc7 45. Ke4 Rc1 46. Rxa7
Re1+ 47. Kd5 Rd1+ 48. Kc6 Rc1+ 49. Kb6 Rb1+ 50. Ka6 Rf1 51. a5 Rxf5 52. Rb7 Rf1
53. Kb6 Kg6 54. a6 f5 55. a7 Rb1+ 56. Kc7 Ra1 57. Rb6+ Kg5 58. Kb7 Rxa7+ 59.
Kxa7 f4 60. Rb1 f3 61. Kb6 Kf4 62. Kc5 Ke3 63. Rb3+ Ke2 64. Kd4 f2 65. Ke4 f1=Q
66. Rb2+ Ke1 67. Rb1+ Kf2 68. Rxf1+ Kxf1 1/2-1/2

[Event "5. ODEM U25 2008"]
[Site "Willingen GER"]
[Date "2008.05.17"]
[Round "9"]
[White "Kunz, André"]
[Black "Kelm, Marcel"]
[Result "1/2-1/2"]
[Termination "normal"]
[Board "10"]
[WhiteElo "1915"]
[BlackElo "2016"]
[PlyCount "30"]
[WhiteFideId "24623652"]
[BlackFideId "4675770"]
[EventCountry "GER"]
[EventRounds "9"]
[EventType "swiss"]
[EventDate "2008.05.10"]

1. e4 c5 2. Nf3 e6 3. d4 cxd4 4. Nxd4 a6 5. Bd3 Nf6 6. O-O Qc7 7. Qe2 d6 8. c4
Nbd7 9. Nc3 b6 10. Kh1 Bb7 11. f4 h5 12. Bd2 Be7 13. Rae1 Rc8 14. Nf3 Ng4 15.
h3 Qb8 1/2-1/2

[Event "5. ODEM U25 2008"]
[Site "Willingen GER"]
[Date "2008.05.17"]
[Round "9"]
[White "Ludwig, Sebastian"]
[Black "Zahn, Benno"]
[Result "1-0"]
[Termination "normal"]
[Board "11"]
[WhiteElo "2036"]
[BlackElo "1798"]
[PlyCount "145"]
[WhiteFideId "4692780"]
[BlackFideId "24636070"]
[EventCountry "GER"]
[EventRounds "9"]
[EventType "swiss"]
[EventDate "2008.05.10"]

1. Nc3 c5 2. d4 cxd4 3. Qxd4 Nc6 4. Qh4 d5 5. Bd2 Nf6 6. O-O-O e6 7. Bg5 Be7 8.
e4 Qa5 9. exd5 exd5 10. Nf3 Be6 11. Nd4 O-O-O 12. Nb3 Qb4 13. Qxb4 Bxb4 14.
Bxf6 gxf6 15. Ne2 Rhg8 16. Ned4 Bd6 17. g3 Bc7 18. Bg2 Nxd4 19. Nxd4 Bb6 20.
Rhe1 Rge8 21. Rd2 Bg4 22. Rxe8 Rxe8 23. c3 Re1+ 24. Kc2 Bxd4 25. Rxd4 Re2+ 26.
Rd2 Rxd2+ 27. Kxd2 Be6 28. Kd3 Kc7 29. Kd4 Kd6 30. a3 b6 31. h3 f5 32. f4 f6
33. Bf3 h6 34. Bh5 Kc6 35. a4 Kd6 36. Be8 Ke7 37. Bc6 Kd6 38. Bb7 Bd7 39. b3
Be6 40. Ba6 Kc7 41. Be2 Bf7 42. Bf3 Kd6 43. Bh1 Bg8 44. Bg2 Be6 45. Bf3 Bf7 46.
Be2 Kc7 47. b4 Kd7 48. Bd1 Kc7 49. Bc2 Be6 50. Bb3 Kd6 51. Bd1 Bd7 52. b5 Be8
53. Bb3 Bf7 54. Bc2 Ke6 55. Bd1 Kd7 56. Be2 Ke7 57. Bf3 Kd6 58. h4 h5 59. Bd1
Ke7 60. Bc2 Be6 61. Bb3 Kd6 62. Bd1 Bf7 63. Bf3 Bg6 64. Bxd5 Be8 65. Bg8 Bg6
66. c4 Ke7 67. c5 Be8 68. Bh7 Ke6 69. Bg8+ Kd7 70. Kd5 bxc5 71. Be6+ Kc7 72.
Kxc5 Bg6 73. a5 1-0

[Event "5. ODEM U25 2008"]
[Site "Willingen GER"]
[Date "2008.05.17"]
[Round "9"]
[White "Neumair, Cedric"]
[Black "Lantzsch, Christian"]
[Result "0-1"]
[Termination "normal"]
[Board "12"]
[WhiteElo "1844"]
[BlackElo "2218"]
[PlyCount "46"]
[WhiteFideId "4698304"]
[BlackFideId "4659821"]
[EventCountry "GER"]
[EventRounds "9"]
[EventType "swiss"]
[EventDate "2008.05.10"]

1. d4 f5 2. g3 Nf6 3. Bg2 e6 4. c4 Be7 5. Nc3 O-O 6. Nf3 d6 7. O-O Ne4 8. Nxe4
fxe4 9. Nd2 d5 10. f3 exf3 11. Bxf3 c5 12. cxd5 exd5 13. dxc5 Bxc5+ 14. Kh1 Be6
15. Nb3 Bb6 16. Bf4 Nc6 17. Rc1 g5 18. Bd2 Bh3 19. Bg2 Bxg2+ 20. Kxg2 Qe7 21.
h3 Qe4+ 22. Kh2 Rxf1 23. Qxf1 Rf8 0-1

[Event "5. ODEM U25 2008"]
[Site "Willingen GER"]
[Date "2008.05.17"]
[Round "9"]
[White "Kunze, Christopher"]
[Black "Elser, Niklas"]
[Result "1-0"]
[Termination "normal"]
[Board "13"]
[WhiteElo "1942"]
[BlackElo "1858"]
[PlyCount "105"]
[WhiteFideId "4647998"]
[BlackFideId "24634573"]
[EventCountry "GER"]
[EventRounds "9"]
[EventType "swiss"]
[EventDate "2008.05.10"]

1. e4 c5 2. Nc3 d6 3. g3 Nc6 4. Bg2 g6 5. d3 Bg7 6. f4 e6 7. Nf3 Nge7 8. O-O
O-O 9. Be3 Bd7 10. d4 c4 11. Qe2 d5 12. e5 a6 13. g4 b5 14. Qf2 b4 15. Ne2 f6
16. exf6 Bxf6 17. Qg3 Nc8 18. Ne5 Nd6 19. f5 Bh4 20. Qh3 Nxe5 21. dxe5 Ne8 22.
f6 g5 23. Nd4 Qc7 24. Nf3 c3 25. b3 Bb5 26. Rfc1 Be2 27. Nxh4 gxh4 28. Bd4 Qf7
29. Bc5 Qg6 30. Bxf8 Bxg4 31. Qxh4 Kxf8 32. Qg3 Bf5 33. Qxg6 hxg6 34. a3 bxa3
35. Rxa3 Nc7 36. Bf1 d4 37. Ra4 Rd8 38. Rd1 Bxc2 39. Raxd4 Nd5 40. Rc1 Bxb3 41.
Bxa6 c2 42. Bd3 Rc8 43. Rh4 Kg8 44. Bxg6 Nc3 45. Rh7 Ne2+ 46. Kf2 Nf4 47. f7+
Kf8 48. Rh8+ Ke7 49. Rxc8 Nxg6 50. Rc7+ Kf8 51. Rg1 c1=Q 52. Rgxc1 Nxe5 53. Rb1
1-0

[Event "5. ODEM U25 2008"]
[Site "Willingen GER"]
[Date "2008.05.17"]
[Round "9"]
[White "Schäfer, Alexander"]
[Black "Lehmann, Ruben"]
[Result "0-1"]
[Termination "normal"]
[Board "14"]
[WhiteElo "1957"]
[BlackElo "1780"]
[PlyCount "38"]
[WhiteFideId "24615196"]
[BlackFideId "24671177"]
[EventCountry "GER"]
[EventRounds "9"]
[EventType "swiss"]
[EventDate "2008.05.10"]

1. e4 c6 2. d4 d5 3. e5 Bf5 4. h4 h6 5. g4 Bh7 6. e6 fxe6 7. Bd3 Bxd3 8. Qxd3
Qd6 9. Qg6+ Kd8 10. Nf3 Nd7 11. g5 e5 12. Qf7 e6 13. gxh6 Nxh6 14. Bg5+ Kc7 15.
Qg6 e4 16. c4 exf3 17. c5 Nxc5 18. dxc5 Qe5+ 19. Be3 Bxc5 0-1

[Event "5. ODEM U25 2008"]
[Site "Willingen GER"]
[Date "2008.05.17"]
[Round "9"]
[White "Hinz, Arne"]
[Black "Werner, Patrick"]
[Result "1-0"]
[Termination "normal"]
[Board "15"]
[WhiteElo "1965"]
[BlackElo "1754"]
[PlyCount "51"]
[WhiteFideId "24634875"]
[BlackFideId "24601608"]
[EventCountry "GER"]
[EventRounds "9"]
[EventType "swiss"]
[EventDate "2008.05.10"]

1. e4 c5 2. Nc3 g6 3. f4 Bg7 4. Nf3 Nc6 5. Be2 e6 6. O-O Nge7 7. d3 O-O 8. Qe1
Nd4 9. Bd1 d6 10. Ne2 Nxf3+ 11. Rxf3 d5 12. e5 f6 13. Rh3 Rf7 14. d4 cxd4 15.
Nxd4 fxe5 16. fxe5 Qc7 17. Nf3 Nc6 18. Ng5 Rf5 19. Bg4 Rxe5 20. Qg3 Qb6+ 21.
Kh1 Qb4 22. Bf4 Qxb2 23. Rf1 Qb5 24. Qf2 Rxg5 25. Bxg5 Bd7 26. Be2 1-0

[Event "5. ODEM U25 2008"]
[Site "Willingen GER"]
[Date "2008.05.17"]
[Round "9"]
[White "Ackermann, Johannes"]
[Black "Roitzsch, Philippe"]
[Result "0-1"]
[Termination "normal"]
[Board "16"]
[WhiteElo "1902"]
[BlackElo "1971"]
[PlyCount "74"]
[WhiteFideId "24663875"]
[BlackFideId "24635529"]
[EventCountry "GER"]
[EventRounds "9"]
[EventType "swiss"]
[EventDate "2008.05.10"]

1. e4 e5 2. Nf3 Nc6 3. Bc4 Nf6 4. d4 exd4 5. O-O Bc5 6. e5 d5 7. exf6 dxc4 8.
Re1+ Be6 9. Ng5 Qd5 10. Nc3 Qf5 11. g4 Qxf6 12. Nd5 Qd8 13. Rxe6+ fxe6 14. Nxe6
Qd7 15. Ndxc7+ Kf7 16. Ng5+ Kg8 17. Nxa8 h6 18. Ne4 Bd6 19. Qf3 Ne5 20. Qg3 Bb8
21. Bf4 Qd5 22. Re1 Kf7 23. Ng5+ hxg5 24. Bxe5 Re8 25. f4 gxf4 26. Qxf4+ Kg8
27. Bxb8 Rxe1+ 28. Kf2 Re4 29. Qc1 Qf7+ 30. Kg3 Re3+ 31. Kg2 Re2+ 32. Kh3 Re3+
33. Bg3 g5 34. Qd1 Qh7+ 35. Kg2 Qe4+ 36. Kf2 Kh8 37. Nc7 d3 0-1

[Event "5. ODEM U25 2008"]
[Site "Willingen GER"]
[Date "2008.05.17"]
[Round "9"]
[White "Weißbeck, Simon"]
[Black "Huhnstock, Rico"]
[Result "1-0"]
[Termination "normal"]
[Board "17"]
[WhiteElo "1831"]
[BlackElo "1880"]
[PlyCount "75"]
[WhiteFideId "24646865"]
[BlackFideId "24642932"]
[EventCountry "GER"]
[EventRounds "9"]
[EventType "swiss"]
[EventDate "2008.05.10"]

1. e4 c5 2. c3 Nf6 3. e5 Nd5 4. Nf3 d6 5. Bc4 e6 6. O-O Nb6 7. Bb3 c4 8. Bc2
Nc6 9. exd6 Bxd6 10. d4 Bd7 11. Nbd2 Ne7 12. Ne4 Bc7 13. Nfg5 Ng6 14. Qf3 Qe7
15. Nc5 Bc6 16. Be4 Bxe4 17. Qxe4 O-O 18. h4 Nd5 19. h5 Nf6 20. Qf3 Nh4 21. Qh3
Nf5 22. Re1 Nd6 23. Bf4 b6 24. Bxd6 Bxd6 25. Nce4 Nxe4 26. Nxe4 Rfe8 27. Nxd6
Qxd6 28. Re3 Rad8 29. Rae1 Qc6 30. h6 g6 31. Qh4 Qd6 32. d5 e5 33. Rxe5 Rxe5
34. Rxe5 f6 35. Re4 g5 36. Qg4 Qxd5 37. Rd4 Qa8 38. Qe6+ 1-0

[Event "5. ODEM U25 2008"]
[Site "Willingen GER"]
[Date "2008.05.17"]
[Round "9"]
[White "Seyrich, Maximilian"]
[Black "Huynh, Nhi Lang"]
[Result "1-0"]
[Termination "normal"]
[Board "18"]
[WhiteElo "1943"]
[BlackElo "1778"]
[PlyCount "67"]
[WhiteFideId "24622427"]
[BlackFideId "24669180"]
[EventCountry "GER"]
[EventRounds "9"]
[EventType "swiss"]
[EventDate "2008.05.10"]

1. d4 Nf6 2. c4 e6 3. Nc3 Bb4 4. Qc2 O-O 5. Nf3 c5 6. dxc5 Bxc5 7. Bg5 Be7 8.
e3 b6 9. Bd3 h6 10. Bf4 Bb7 11. e4 Na6 12. Rd1 Nb4 13. Qe2 Nxd3+ 14. Qxd3 Bb4
15. e5 Ne4 16. Bd2 Nxd2 17. Rxd2 Qb8 18. a3 Bxc3 19. Qxc3 Qc7 20. O-O Bxf3 21.
Qxf3 Qxe5 22. Rxd7 Rad8 23. Rxa7 Qxb2 24. Qb7 Qd4 25. g3 Rc8 26. Rb1 Rxc4 27.
Kg2 Rc2 28. Qf3 Rc3 29. Rd1 Qc5 30. Qf4 Rxa3 31. Rc7 Qa5 32. Rd8 Kh7 33. Qe4+
Kg8 34. Rcc8 1-0

[Event "5. ODEM U25 2008"]
[Site "Willingen GER"]
[Date "2008.05.17"]
[Round "9"]
[White "Schätz, Christopher"]
[Black "Ehlers, Michael"]
[Result "1/2-1/2"]
[Termination "normal"]
[Board "19"]
[WhiteElo "2033"]
[BlackElo "1988"]
[PlyCount "80"]
[WhiteFideId "24623997"]
[BlackFideId "4674537"]
[EventCountry "GER"]
[EventRounds "9"]
[EventType "swiss"]
[EventDate "2008.05.10"]

1. e4 c5 2. Nf3 Nc6 3. d4 cxd4 4. Nxd4 Nf6 5. Nc3 e6 6. Be2 Bb4 7. Nxc6 bxc6 8.
Bd3 d5 9. exd5 cxd5 10. O-O O-O 11. Bg5 Be7 12. Qe2 Qb6 13. Rab1 a5 14. a4 Ba6
15. Nb5 Rfe8 16. Qe3 Qxe3 17. Bxe3 Rec8 18. c3 Nd7 19. Rfc1 Nc5 20. Bxc5 Bxc5
21. b4 Be7 22. bxa5 Bd8 23. c4 dxc4 24. Rxc4 Rxc4 25. Bxc4 Bxa5 26. Nd6 g6 27.
g3 Bc7 28. Bxa6 Bxd6 29. Bb5 Bc5 30. Rc1 Bb4 31. Rc7 Ba5 32. Bc6 Bxc7 33. Bxa8
f5 34. Kg2 Kf7 35. f4 Kf6 36. Kf3 g5 37. h3 h5 38. Bc6 h4 39. fxg5+ Kxg5 40.
gxh4+ Kxh4 1/2-1/2

[Event "5. ODEM U25 2008"]
[Site "Willingen GER"]
[Date "2008.05.17"]
[Round "9"]
[White "Windjäger, Gerd"]
[Black "Wurm, Alexander"]
[Result "0-1"]
[Termination "normal"]
[Board "20"]
[WhiteElo "1535"]
[BlackElo "2068"]
[PlyCount "44"]
[BlackFideId "24637246"]
[EventCountry "GER"]
[EventRounds "9"]
[EventType "swiss"]
[EventDate "2008.05.10"]

1. d4 Nf6 2. Nd2 e6 3. Ngf3 c5 4. e3 b6 5. b3 Bb7 6. Bd3 d5 7. O-O Be7 8. Bb2
O-O 9. Ne5 Nbd7 10. f4 Ne4 11. Nxe4 dxe4 12. Be2 Nf6 13. c4 Qc7 14. g4 Rfd8 15.
Qe1 Ne8 16. g5 Nd6 17. Qc3 Nf5 18. Rad1 cxd4 19. exd4 Nxd4 20. Rde1 Bc5 21. Kg2
Nf5 22. Bc1 Bd4 0-1

[Event "5. ODEM U25 2008"]
[Site "Willingen GER"]
[Date "2008.05.17"]
[Round "9"]
[White "Richters, Marc"]
[Black "Ludwig, Jan"]
[Result "0-1"]
[Termination "normal"]
[Board "21"]
[WhiteElo "1961"]
[BlackElo "1957"]
[PlyCount "116"]
[WhiteFideId "24612332"]
[BlackFideId "24643289"]
[EventCountry "GER"]
[EventRounds "9"]
[EventType "swiss"]
[EventDate "2008.05.10"]

1. Nf3 Nf6 2. d4 e6 3. Bg5 c5 4. e3 cxd4 5. exd4 d5 6. Bd3 Be7 7. O-O O-O 8.
Nbd2 Bd7 9. c3 Qb6 10. Qe2 Bc6 11. Rab1 Qd8 12. Ne5 a6 13. Rbe1 Nfd7 14. Qh5 f5
15. Bxe7 Qxe7 16. Nxd7 Qxd7 17. Nf3 Qe8 18. Qh4 Nd7 19. Ng5 Qg6 20. Rxe6 Nf6
21. h3 Rae8 22. g4 h6 23. Rxe8 Qxe8 24. Nf3 fxg4 25. hxg4 Ne4 26. Qh3 Bb5 27.
Ne5 Ng5 28. Qe3 Bxd3 29. Qxd3 Qa4 30. f4 Ne4 31. c4 Qxa2 32. Ng6 Re8 33. cxd5
Qxb2 34. Ne5 Nd6 35. Rb1 Qa2 36. Rc1 Qxd5 37. Re1 Nb5 38. Qg6 Qxd4+ 39. Kh1
Qd5+ 40. Kg1 Rf8 41. g5 hxg5 42. Ng4 Qd4+ 43. Kh1 Qxf4 44. Re7 Qc1+ 45. Kg2
Qd2+ 46. Kg1 Qd1+ 47. Kh2 Qd6+ 48. Qxd6 Nxd6 49. Rd7 Rf4 50. Ne5 Rf5 51. Ng6
Rf6 52. Ne7+ Kh7 53. Nd5 Re6 54. Kg3 Ne4+ 55. Kf3 Rd6 56. Rxb7 Nd2+ 57. Ke3
Rxd5 58. Rb6 Nc4+ 0-1

[Event "5. ODEM U25 2008"]
[Site "Willingen GER"]
[Date "2008.05.17"]
[Round "9"]
[White "Kyas, Marcel"]
[Black "Ohnesorg, Felix"]
[Result "1-0"]
[Termination "normal"]
[Board "22"]
[WhiteElo "1986"]
[BlackElo "1711"]
[PlyCount "137"]
[WhiteFideId "24642037"]
[BlackFideId "24653578"]
[EventCountry "GER"]
[EventRounds "9"]
[EventType "swiss"]
[EventDate "2008.05.10"]

1. e4 c5 2. Nf3 Nc6 3. Bb5 g6 4. O-O Bg7 5. c3 d6 6. d4 cxd4 7. cxd4 Bd7 8. Nc3
a6 9. Ba4 b5 10. Bb3 Na5 11. Bc2 Bg4 12. a4 b4 13. Nd5 Nc6 14. Be3 e6 15. Nf4
Bxf3 16. gxf3 Nge7 17. d5 exd5 18. Nxd5 Nxd5 19. Qxd5 Ne5 20. Bd1 Rc8 21. f4
Nc6 22. Be2 Ne7 23. Qd2 O-O 24. Bxa6 Rc6 25. Be2 Qd7 26. f3 Qc7 27. Rfc1 Rc8
28. Bd1 Rxc1 29. Rxc1 Qxc1 30. Qxc1 Rxc1 31. Bxc1 Nc6 32. Kf2 Kf8 33. Bb3 Ke7
34. Bd5 Bd4+ 35. Ke2 Na5 36. Be3 Bc5 37. e5 f6 38. e6 f5 39. Kd3 Kf6 40. Bd4+
Ke7 41. h4 h5 42. b3 Bxd4 43. Kxd4 Kf6 44. Bc4 Ke7 45. Kd5 Kd8 46. Bd3 Ke7 47.
Bc2 Nb7 48. Kc6 Nc5 49. Kb6 Kxe6 50. a5 Kd5 51. a6 Nxa6 52. Kxa6 Kd4 53. Kb5
Kc3 54. Bd1 d5 55. Ka4 d4 56. Be2 d3 57. Bf1 d2 58. Be2 Kc2 59. Kxb4 d1=Q 60.
Bxd1+ Kxd1 61. Kc5 Ke2 62. Kd4 Kxf3 63. Ke5 Kg4 64. b4 Kxh4 65. b5 Kg3 66. b6
h4 67. b7 h3 68. b8=Q h2 69. Qb7 1-0

[Event "5. ODEM U25 2008"]
[Site "Willingen GER"]
[Date "2008.05.17"]
[Round "9"]
[White "Schwarzat, Julian"]
[Black "Eigemann, Julian"]
[Result "1-0"]
[Termination "normal"]
[Board "23"]
[WhiteElo "1963"]
[BlackElo "1604"]
[PlyCount "53"]
[WhiteFideId "24675857"]
[BlackFideId "24666599"]
[EventCountry "GER"]
[EventRounds "9"]
[EventType "swiss"]
[EventDate "2008.05.10"]

1. e4 d5 2. exd5 Qxd5 3. Nc3 Qa5 4. d4 c6 5. Bc4 Nf6 6. Bd2 Qc7 7. Qe2 Bf5 8.
O-O-O e6 9. f3 h5 10. Nh3 Bxh3 11. gxh3 Nbd7 12. d5 cxd5 13. Nxd5 Nxd5 14. Bxd5
Rc8 15. Bb3 a6 16. Bc3 Nc5 17. Rhg1 Rg8 18. Be5 Nxb3+ 19. axb3 Qa5 20. Kb1 g6
21. Qe4 Qb6 22. Rg2 Be7 23. Rgd2 Rd8 24. Rxd8+ Bxd8 25. Qd3 Bg5 26. Qd7+ Kf8
27. Qc8+ 1-0